[Event "FIDE Women's Grand Swiss"]
[Site "Samarkand UZB"]
[Date "2025.09.11"]
[Round "7.15"]
[White "Danielian, Elina"]
[Black "Shukhman, Anna"]
[Result "1-0"]
[WhiteTitle "GM"]
[BlackTitle "WGM"]
[WhiteElo "2405"]
[BlackElo "2420"]
[WhiteFideId "13300210"]
[BlackFideId "54180058"]
[EventDate "2025.09.04"]

1. d4 Nf6 2. c4 g6 3. g3 c6 4. Bg2 d5 5. Qa4 Bg7 6. cxd5 Nxd5 7. Nf3 Nb6 8. Qc2
Bg4 9. e3 N8d7 10. O-O O-O 11. a4 a5 12. Nc3 Re8 13. Rd1 e5 14. dxe5 Bxe5 15. h3
Bxf3 16. Bxf3 Qe7 17. Bg2 Nc5 18. b3 Na6 19. Bb2 Nb4 20. Qe2 Qe6 21. Ne4 Qxb3
22. Nf6+ Kh8 23. Rab1 Qc4 24. Nxe8 Qxe2 25. Bxe5+ Kg8 26. Nf6+ Kf8 27. Nxh7+ Ke8
28. Bd6 Nd7 29. Ng5 Nd5 30. Rd4 f6 31. Re4+ Ne5 32. Bxe5 fxg5 33. Rxb7 Kf8 34.
Bd6+ Kg8 35. Re6 Qd1+ 36. Kh2 Qh5 37. g4 Qh6 38. Be4 Rd8 39. Bc5 Nf4 40. exf4
Qh4 41. Rxg6+ Kh8 42. Rb8 Rxb8 43. Bd4+ Kh7 44. Rxg5+ 1-0

[Event "FIDE Women's Grand Swiss"]
[Site "Samarkand UZB"]
[Date "2025.09.11"]
[Round "7.16"]
[White "Karimova, Guldona"]
[Black "Ushenina, Anna"]
[Result "1/2-1/2"]
[WhiteTitle "WIM"]
[BlackTitle "GM"]
[WhiteElo "2324"]
[BlackElo "2409"]
[WhiteFideId "14210410"]
[BlackFideId "14110911"]
[EventDate "2025.09.04"]

1. e4 c5 2. Nf3 Nc6 3. d4 cxd4 4. Nxd4 Qb6 5. Nb3 Nf6 6. Nc3 e6 7. Be3 Qc7 8. a3
a6 9. h3 b5 10. Bd3 Be7 11. f4 d6 12. a4 b4 13. Ne2 e5 14. Ng3 O-O 15. O-O Re8
16. f5 h6 17. Nh5 Bb7 18. Nd2 Nb8 19. Nxf6+ Bxf6 20. Qg4 Kf8 21. Rfd1 Nd7 22.
Nf1 Be7 23. Ng3 Nf6 24. Qe2 d5 25. Bf2 Bc5 26. Bxc5+ Qxc5+ 27. Kh1 Kg8 28. Qf3
Rad8 29. exd5 Bxd5 30. Ne4 Bxe4 31. Bxe4 a5 32. b3 1/2-1/2

[Event "FIDE Women's Grand Swiss"]
[Site "Samarkand UZB"]
[Date "2025.09.11"]
[Round "7.17"]
[White "Kamalidenova, Meruert"]
[Black "Narva, Mai"]
[Result "1/2-1/2"]
[WhiteTitle "IM"]
[BlackTitle "IM"]
[WhiteElo "2349"]
[BlackElo "2386"]
[WhiteFideId "13712802"]
[BlackFideId "4500512"]
[EventDate "2025.09.04"]

1. e4 c5 2. c3 d5 3. exd5 Qxd5 4. d4 Nf6 5. Nf3 e6 6. Na3 Nc6 7. Be3 cxd4 8. Nb5
Qd7 9. Nbxd4 Bd6 10. Bd3 O-O 11. O-O a6 12. Bc2 Qc7 13. Bg5 Nd5 14. Qd3 g6 15.
Rad1 Ne5 16. Nxe5 Bxe5 17. Nf3 Bg7 18. Bb3 b5 19. Bxd5 exd5 20. Rfe1 Be6 21. Nd4
Rfe8 22. Qf3 Qc5 23. h3 b4 24. Bf6 bxc3 25. Bxg7 Kxg7 26. bxc3 Bd7 27. Re3 Qc4
28. Rde1 Rxe3 29. Rxe3 Re8 30. Rxe8 Bxe8 31. Qe3 Bb5 32. a3 Kg8 33. Qg3 Qa2 34.
Qb8+ Kg7 35. Qe5+ Kg8 36. Qb8+ Kg7 37. Qc7 Qxa3 38. Qe5+ Kg8 39. Nxb5 axb5 40.
Qxd5 Qc1+ 41. Kh2 Qf4+ 42. Kg1 Qc1+ 43. Kh2 Qf4+ 44. Kg1 1/2-1/2

[Event "FIDE Women's Grand Swiss"]
[Site "Samarkand UZB"]
[Date "2025.09.11"]
[Round "7.18"]
[White "Injac, Teodora"]
[Black "Khalilova, Madinabonu"]
[Result "1-0"]
[WhiteTitle "IM"]
[BlackTitle "WCM"]
[WhiteElo "2454"]
[BlackElo "2148"]
[WhiteFideId "932400"]
[BlackFideId "14223422"]
[EventDate "2025.09.04"]

1. Nf3 Nf6 2. c4 c5 3. Nc3 d5 4. cxd5 Nxd5 5. g3 Nc6 6. Bg2 Nc7 7. a3 e5 8. b4
cxb4 9. axb4 a6 10. O-O Be7 11. Bb2 O-O 12. Na4 Nd5 13. Nxe5 Nxe5 14. Bxe5 Nxb4
15. Rc1 Bd6 16. Bxd6 Qxd6 17. d4 Rb8 18. e4 Rd8 19. Qb3 a5 20. Rfd1 b6 21. e5
Qe6 22. Qb2 Bb7 23. Bxb7 Rxb7 24. Nc3 Rbd7 25. Ne4 h5 26. h4 Qg6 27. Qe2 Qg4 28.
f3 Qg6 29. Kh2 Qe6 30. Qe3 Qe7 31. Qf4 Nd5 32. Qd2 Qa3 33. Ng5 Nc7 34. Qc2 g6
35. e6 fxe6 36. Qxg6+ Rg7 37. Qe4 Rf8 38. Rc2 Qb3 39. Rdc1 Ne8 40. Rc3 Qb5 41.
Rb1 Qa4 42. Rxb6 Qa1 43. Qxe6+ Kh8 44. Qb3 Rxg5 45. hxg5 Qf1 46. Rh6+ 1-0

[Event "FIDE Women's Grand Swiss"]
[Site "Samarkand UZB"]
[Date "2025.09.11"]
[Round "7.19"]
[White "Tokhirjonova, Gulrukhbegim"]
[Black "Kiolbasa, Oliwia"]
[Result "1/2-1/2"]
[WhiteTitle "IM"]
[BlackTitle "IM"]
[WhiteElo "2372"]
[BlackElo "2405"]
[WhiteFideId "14203626"]
[BlackFideId "1154613"]
[EventDate "2025.09.04"]

1. c4 e5 2. g3 Nc6 3. Bg2 f5 4. Nc3 Nf6 5. d3 Bc5 6. e3 d6 7. Nge2 a5 8. a3 O-O
9. Rb1 Ba7 10. b4 Ne7 11. d4 c6 12. O-O Be6 13. c5 axb4 14. axb4 e4 15. f3 exf3
16. Bxf3 Bb8 17. Nf4 Bf7 18. Bd2 Bc7 19. Nd3 Ned5 20. b5 Qe7 21. Nxd5 Nxd5 22.
bxc6 bxc6 23. Rb7 Rfb8 24. Qb1 Qe8 25. cxd6 Bxd6 26. Rxb8 Rxb8 27. Qc1 h5 28.
Bg2 h4 29. gxh4 Qe7 30. Qe1 Qc7 31. Nf4 Bxf4 32. exf4 Rb2 33. Bc1 Rc2 34. Qe5
Qa7 35. Qxf5 Qxd4+ 36. Kh1 Rxg2 37. Kxg2 Ne7 38. Qe5 Bd5+ 39. Kg3 Qd3+ 40. Kf2
Qc2+ 41. Qe2 Qxe2+ 42. Kxe2 Bc4+ 43. Ke1 Bxf1 44. Kxf1 Nf5 45. Kg2 Nxh4+ 46. Kg3
Nf5+ 47. Kg4 g6 48. h4 Ng7 49. Be3 Kf7 50. Bb6 Ke6 51. Bd4 Nf5 52. Be5 c5 53.
Kg5 Ne7 54. Bb2 c4 55. Be5 Kf7 56. Bb2 Nd5 57. f5 gxf5 58. Kxf5 c3 59. Bc1 Kg7
60. Ke4 Nb4 1/2-1/2

[Event "FIDE Women's Grand Swiss"]
[Site "Samarkand UZB"]
[Date "2025.09.11"]
[Round "7.20"]
[White "Balabayeva, Xeniya"]
[Black "Zhai, Mo"]
[Result "0-1"]
[WhiteTitle "WGM"]
[BlackTitle "WGM"]
[WhiteElo "2383"]
[BlackElo "2380"]
[WhiteFideId "13719688"]
[BlackFideId "8600201"]
[EventDate "2025.09.04"]

1. d4 Nf6 2. c4 e6 3. Nc3 Bb4 4. a3 Bxc3+ 5. bxc3 Nc6 6. f3 b6 7. e4 Na5 8. Bd3
Ba6 9. Qe2 c5 10. Nh3 cxd4 11. cxd4 Bxc4 12. Bxc4 Qc8 13. e5 Ng8 14. Ba2 Qc3+
15. Kf2 Qxa1 16. Rd1 Ne7 17. Bg5 Qc3 18. Rd3 Qc7 19. Bxe7 Kxe7 20. d5 Qc5+ 21.
Kg3 Rac8 22. Qd2 h6 23. Nf2 Qc1 24. Qb4+ Qc5 25. Qf4 Qc2 26. Qb4+ Rc5 27. dxe6
Qxa2 28. Rxd7+ Ke8 29. Qa4 Nc6 30. Rxa7 b5 31. Ra8+ Ke7 32. Qf4 Qxe6 33. Rxh8
Rc4 34. Ne4 Nxe5 35. Qh4+ f6 36. Qh5 Nf7 37. Rb8 Nd6 38. Ra8 Nxe4+ 39. fxe4 Rc3+
40. Kf4 g5+ 0-1

[Event "FIDE Women's Grand Swiss"]
[Site "Samarkand UZB"]
[Date "2025.09.11"]
[Round "7.21"]
[White "Omonova, Umida"]
[Black "Vantika, Agrawal"]
[Result "0-1"]
[WhiteTitle "WIM"]
[BlackTitle "IM"]
[WhiteElo "2252"]
[BlackElo "2381"]
[WhiteFideId "14210363"]
[BlackFideId "25050389"]
[EventDate "2025.09.04"]

1. e4 c5 2. Nf3 Nc6 3. Bb5 e5 4. c3 Nf6 5. O-O Be7 6. Re1 O-O 7. h3 d6 8. a4 Qb6
9. Na3 a6 10. Bc4 Bd7 11. d3 h6 12. Rb1 Qc7 13. Bd2 Na5 14. Ba2 b5 15. b4 Nb7
16. a5 Bc6 17. Rc1 Rfe8 18. Nh4 d5 19. Nf5 dxe4 20. dxe4 Rad8 21. Nb1 Nd6 22.
Nxe7+ Qxe7 23. f3 c4 24. Qe2 Nh5 25. Qf2 f5 26. g4 fxg4 27. hxg4 Nf6 28. Qh4 Qf7
29. Be3 Ndxe4 30. fxe4 Nxe4 31. Rf1 Qd5 32. Qh2 Qe6 33. Qh4 Rd3 34. Rce1 Qd5 35.
Re2 Ng3 36. Qxg3 Qh1+ 37. Kf2 Rf8+ 38. Bf4 Qxf1+ 39. Kxf1 Rxg3 0-1

[Event "FIDE Women's Grand Swiss"]
[Site "Samarkand UZB"]
[Date "2025.09.11"]
[Round "7.22"]
[White "Efroimski, Marsel"]
[Black "Kaliakhmet, Elnaz"]
[Result "1-0"]
[WhiteTitle "IM"]
[BlackTitle "WIM"]
[WhiteElo "2377"]
[BlackElo "2299"]
[WhiteFideId "2810964"]
[BlackFideId "13730169"]
[EventDate "2025.09.04"]

1. e4 e5 2. Nf3 Nc6 3. Bb5 a6 4. Ba4 Nf6 5. O-O Be7 6. Re1 b5 7. Bb3 O-O 8. a4
Bb7 9. d3 d6 10. Bg5 Na5 11. Ba2 c5 12. Nc3 b4 13. Bxf6 Bxf6 14. Nd5 Nc6 15. c3
Rb8 16. Nd2 Bg5 17. Nc4 Ne7 18. Ncb6 Bc6 19. Nxe7+ Qxe7 20. a5 Qa7 21. cxb4 cxb4
22. Qb3 Bd8 23. Qxb4 Bxb6 24. axb6 Rxb6 25. Qxd6 Bxe4 26. Qa3 Ba8 27. Rxe5 Rf6
28. Qc5 Qb7 29. Bd5 Qxb2 30. Rae1 Qb8 31. Bxa8 Qxa8 32. d4 Qb8 33. d5 h6 34. h4
Rc8 35. Qe3 Qb4 36. h5 Qf4 37. Qe2 Rd8 38. Qc2 g6 39. R1e4 1-0

[Event "FIDE Women's Grand Swiss"]
[Site "Samarkand UZB"]
[Date "2025.09.11"]
[Round "7.23"]
[White "Osmak, Yuliia"]
[Black "Ouellet, Maili-Jade"]
[Result "1-0"]
[WhiteTitle "IM"]
[BlackTitle "WGM"]
[WhiteElo "2478"]
[BlackElo "2348"]
[WhiteFideId "14101602"]
[BlackFideId "2620472"]
[EventDate "2025.09.04"]

1. c4 e6 2. Nc3 Nf6 3. e4 d5 4. cxd5 exd5 5. e5 d4 6. exf6 dxc3 7. Bb5+ Nc6 8.
Qe2+ Be6 9. dxc3 Qxf6 10. Nf3 Bd6 11. Nd4 O-O 12. Nxe6 Rfe8 13. Bc4 Na5 14. Bg5
Qg6 15. Bd3 Qxe6 16. Qxe6 Rxe6+ 17. Kd2 Nc6 18. Rae1 Ne5 19. Be2 Ng6 20. Bf3
Bf4+ 21. Bxf4 Nxf4 22. g3 Rxe1 23. Rxe1 Ne6 24. Kc2 c6 25. a4 a5 26. Bg4 Nc5 27.
Re7 Rb8 28. Re5 Nxa4 29. Rxa5 Nb6 30. Kb3 g6 31. Kb4 f5 32. Bf3 Nd7 33. Ra7 Kf7
34. c4 Ke6 35. Ra1 Ne5 36. Be2 Rd8 37. Kc3 Nd7 38. b4 Kd6 39. h4 Re8 40. Bd3 Nf6
41. Kd4 Ng4 42. Ra2 Re1 43. c5+ Kc7 44. h5 Re8 45. f4 Rd8+ 46. Kc3 Nf6 47. hxg6
hxg6 48. Re2 Nd5+ 49. Kc4 b5+ 50. Kb3 Nf6 51. Bc2 Kd7 52. Bd1 Ne4 53. Bc2 Nf6
54. Bd1 Nd5 55. Rh2 Re8 56. Re2 Rh8 57. Rg2 Rh3 58. Bf3 Nxf4 59. Rg1 Ne6 60. Kb2
Kc7 61. Ra1 Rxg3 62. Bh1 Nd4 63. Ra7+ Kd8 64. Ra6 Kd7 65. Ra7+ Ke6 66. Rc7 f4
67. Bxc6 f3 68. Bd7+ Ke5 69. Be8 Rg5 70. Re7+ Kf4 71. Rd7 Ke3 72. Re7+ Kf4 73.
Rd7 Ke4 74. Re7+ Kd3 75. Rf7 Rg2+ 76. Ka3 Rc2 77. c6 f2 78. c7 Ke2 79. Re7+ Kd2
80. Rf7 Ke3 81. Re7+ Kf4 82. Bxg6 Rc4 83. Rf7+ Kg3 84. Bd3 Rc6 85. Kb2 Ne6 86.
Rf6 Nf4 87. Rxc6 Nxd3+ 88. Kc3 f1=Q 89. c8=Q Nf4 90. Kd4 Qd3+ 91. Kc5 Kf2 92.
Qf8 Ke3 93. Qe7+ Kf3 94. Rf6 Qc4+ 95. Kb6 Kg4 96. Qd7+ Kg3 97. Qd6 Qe4 98. Qxf4+ 1-0

[Event "FIDE Women's Grand Swiss"]
[Site "Samarkand UZB"]
[Date "2025.09.11"]
[Round "7.24"]
[White "Manko, Mariia"]
[Black "Arabidze, Meri"]
[Result "1/2-1/2"]
[WhiteTitle "WIM"]
[BlackTitle "IM"]
[WhiteElo "2313"]
[BlackElo "2444"]
[WhiteFideId "14199220"]
[BlackFideId "13604040"]
[EventDate "2025.09.04"]

1. d4 Nf6 2. c4 e6 3. g3 d5 4. Bg2 Be7 5. Nf3 O-O 6. O-O a5 7. Qc2 Nc6 8. a3
dxc4 9. Qxc4 a4 10. Nc3 Bd7 11. Bg5 Na5 12. Qd3 Nd5 13. h4 f6 14. Bd2 Nb3 15.
Rad1 Qe8 16. Rfe1 Kh8 17. e4 Nxc3 18. Bxc3 Bb5 19. Qb1 Qh5 20. Nd2 Be2 21. Nxb3
Bxd1 22. Rxd1 axb3 23. Qd3 e5 24. Bf3 Qf7 25. d5 Bd6 26. Bg4 Qe8 27. h5 Ra4 28.
Kg2 b5 29. Rc1 Rc4 30. h6 g6 31. Bd1 f5 32. Bxb3 fxe4 33. Qe2 Rd4 34. Bc2 Rxd5
35. Bxe4 Rd4 36. Bxd4 exd4 37. Qd3 Qe5 38. b4 Qf6 39. Rc2 g5 40. Bxh7 Qxh6 41.
Be4 Qf6 42. Qxb5 Kg7 43. a4 Qe7 44. Qd5 Bxb4 45. Qxd4+ Rf6 46. Rc6 Bd6 47. a5
Qe5 48. Qxe5 Bxe5 49. Rc4 c5 50. Bb7 Bb8 51. Rxc5 Rxf2+ 52. Kh3 Ra2 53. a6 Kf6
54. Rc3 Ra4 55. Bc8 Bd6 56. Rf3+ Kg6 57. Re3 Kf7 58. Bb7 Kf6 59. Rd3 Be5 60. Rb3
g4+ 61. Kg2 Ra2+ 62. Kf1 Ra1+ 63. Ke2 Ra2+ 64. Kd1 Ra1+ 65. Kc2 Ra2+ 66. Kb1 1/2-1/2

[Event "FIDE Women's Grand Swiss"]
[Site "Samarkand UZB"]
[Date "2025.09.11"]
[Round "7.25"]
[White "Mkrtchian, Lilit"]
[Black "Roebers, Eline"]
[Result "1-0"]
[WhiteTitle "IM"]
[BlackTitle "IM"]
[WhiteElo "2393"]
[BlackElo "2377"]
[WhiteFideId "13300601"]
[BlackFideId "1058401"]
[EventDate "2025.09.04"]

1. d4 Nf6 2. Nf3 g6 3. Nbd2 Bg7 4. e4 d6 5. Bb5+ c6 6. Bc4 O-O 7. O-O Qc7 8. e5
dxe5 9. dxe5 Nd5 10. Re1 Nd7 11. Qe2 b5 12. Bxd5 cxd5 13. Nb3 Nb6 14. Nbd4 b4
15. h3 a5 16. b3 Nd7 17. Bf4 a4 18. Qb5 Qb7 19. bxa4 Nb6 20. Reb1 Rxa4 21. Rxb4
Bd7 22. Qc5 Rxb4 23. Qxb4 e6 24. Rb1 Rb8 25. Be3 Bf8 26. Qa5 Qc7 27. Rb3 Rb7 28.
Nb5 Qc6 29. Nd6 Nc4 30. Qd8 Rxb3 31. Bh6 Rb1+ 32. Kh2 Be8 33. Nxe8 Bxh6 34. Nf6+
Kg7 35. Qg8# 1-0

[Event "FIDE Women's Grand Swiss"]
[Site "Samarkand UZB"]
[Date "2025.09.11"]
[Round "7.26"]
[White "Beydullayeva, Govhar"]
[Black "Wafa, Shrook"]
[Result "1-0"]
[WhiteTitle "WGM"]
[BlackTitle "WGM"]
[WhiteElo "2368"]
[BlackElo "2202"]
[WhiteFideId "13413015"]
[BlackFideId "10609970"]
[EventDate "2025.09.04"]

1. d4 Nf6 2. c4 e6 3. Nc3 Bb4 4. e3 Bxc3+ 5. bxc3 O-O 6. Bd3 d6 7. e4 e5 8. Ne2
Bg4 9. f3 Bh5 10. Be3 Nbd7 11. Qd2 Bg6 12. g4 h5 13. h3 c6 14. d5 Rc8 15. Rb1
cxd5 16. cxd5 Nc5 17. Bc2 Nfxe4 18. fxe4 Nxe4 19. Bxe4 Bxe4 20. O-O Qh4 21. Rb4
Bg6 22. Kh2 Qe7 23. gxh5 Bxh5 24. Ng3 Bg6 25. Rg4 b5 26. Nf5 Bxf5 27. Rxf5 f6
28. Qd3 Qd7 29. Rh5 f5 30. Rg2 Rf7 31. Bh6 Re8 32. Qg3 f4 33. Qg6 Kf8 34. Bxg7+ 1-0

[Event "FIDE Women's Grand Swiss"]
[Site "Samarkand UZB"]
[Date "2025.09.11"]
[Round "7.27"]
[White "Nassr, Lina"]
[Black "Gomez Barrera, Javiera Belen"]
[Result "1/2-1/2"]
[WhiteTitle "WIM"]
[BlackTitle "WIM"]
[WhiteElo "2060"]
[BlackElo "2169"]
[WhiteFideId "7908075"]
[BlackFideId "3418723"]
[EventDate "2025.09.04"]

1. e4 e5 2. Nf3 Nc6 3. Bb5 a6 4. Bxc6 dxc6 5. O-O Qd6 6. Na3 Be6 7. Qe2 f6 8.
Nc4 Qd7 9. Rd1 c5 10. c3 g5 11. b3 O-O-O 12. Ne1 Ne7 13. Bb2 Nc6 14. Rac1 Kb8
15. d3 Bg7 16. Ne3 h5 17. N1c2 f5 18. exf5 Bxf5 19. Nxf5 Qxf5 20. Qe4 Qf7 21.
Ba3 Bf8 22. Ne3 Be7 23. Rc2 Rhf8 24. Re2 g4 25. Nc4 Bd6 26. Bc1 Rg8 27. Rf1 h4
28. g3 Qh5 29. Ne3 Rdf8 30. Nc4 Rd8 31. Ree1 Rh8 32. Re2 Rdf8 33. Ne3 Rhg8 34.
Nc4 Rf6 35. Ree1 Rgf8 36. Ne3 Rg6 37. Nc4 Rfg8 38. Re2 Rh8 39. Bd2 Rf6 40. Bc1
Rhf8 41. Ne3 Rg8 42. Nc4 1/2-1/2

[Event "FIDE Women's Grand Swiss"]
[Site "Samarkand UZB"]
[Date "2025.09.12"]
[Round "8.1"]
[White "Assaubayeva, Bibisara"]
[Black "Vaishali, Rameshbabu"]
[Result "1-0"]
[WhiteTitle "GM"]
[BlackTitle "GM"]
[WhiteElo "2505"]
[BlackElo "2452"]
[WhiteFideId "13708694"]
[BlackFideId "5091756"]
[EventDate "2025.09.04"]

1. d4 Nf6 2. c4 e6 3. Nf3 Bb4+ 4. Bd2 Qe7 5. g3 Bxd2+ 6. Nfxd2 Nc6 7. e3 O-O 8.
Nc3 a5 9. a3 d6 10. Bg2 e5 11. d5 Nb8 12. O-O Na6 13. b4 Bg4 14. Qb3 Qd7 15.
Nce4 Nxe4 16. Nxe4 Bf5 17. Nd2 Bh3 18. Qc3 Bxg2 19. Kxg2 c6 20. dxc6 Qxc6+ 21.
Kg1 axb4 22. axb4 Nc7 23. Qd3 d5 24. Rac1 dxc4 25. Nxc4 Rad8 26. Nxe5 Qe6 27.
Qc4 Nd5 28. Nf3 Qf5 29. Kg2 Rd6 30. Rfd1 Rfd8 31. Rd4 Rc6 32. Qf1 Rf6 33. Qe2
Re8 34. Rc5 Rd6 35. e4 Qd7 36. Qd2 Nf4+ 37. Qxf4 Rxd4 38. Rc7 Rexe4 39. Rxd7 1-0

[Event "FIDE Women's Grand Swiss"]
[Site "Samarkand UZB"]
[Date "2025.09.12"]
[Round "8.2"]
[White "Lagno, Kateryna"]
[Black "Muzychuk, Mariya"]
[Result "1-0"]
[WhiteTitle "GM"]
[BlackTitle "GM"]
[WhiteElo "2505"]
[BlackElo "2484"]
[WhiteFideId "14109336"]
[BlackFideId "14114550"]
[EventDate "2025.09.04"]

1. d4 d5 2. c4 c6 3. Nf3 Nf6 4. Nc3 e6 5. Bg5 h6 6. Bxf6 Qxf6 7. a3 Nd7 8. e4
dxe4 9. Nxe4 Qf4 10. Bd3 Nf6 11. g3 Qc7 12. Nxf6+ gxf6 13. O-O Bg7 14. Bc2 O-O
15. Qd3 f5 16. c5 Rd8 17. Rfe1 b6 18. b4 a5 19. Qe3 Ba6 20. Ne5 bxc5 21. bxc5
Rab8 22. Rad1 f6 23. Ng6 Bc4 24. d5 Bxd5 25. Rxd5 exd5 26. Ne7+ Kh8 27. Qe6 Qd7
28. Qf7 Rb7 29. Ng6+ Kh7 30. Re7 Qxe7 31. Nxe7 1-0

[Event "FIDE Women's Grand Swiss"]
[Site "Samarkand UZB"]
[Date "2025.09.12"]
[Round "8.3"]
[White "Stefanova, Antoaneta"]
[Black "Song, Yuxin"]
[Result "0-1"]
[WhiteTitle "GM"]
[BlackTitle "IM"]
[WhiteElo "2395"]
[BlackElo "2409"]
[WhiteFideId "2902257"]
[BlackFideId "8614300"]
[EventDate "2025.09.04"]

1. d4 Nf6 2. Bg5 d5 3. e3 Nbd7 4. Nf3 e6 5. Nbd2 c5 6. c3 Bd6 7. Bd3 h6 8. Bh4
Qc7 9. O-O c4 10. Bc2 b5 11. e4 dxe4 12. Nxe4 Nxe4 13. Bxe4 Rb8 14. Qe2 O-O 15.
Rfe1 Bb7 16. Rad1 Bxe4 17. Qxe4 b4 18. Ne5 bxc3 19. bxc3 Rb2 20. Nxd7 Qxd7 21.
Qg4 Be7 22. Bxe7 Qxe7 23. d5 Qf6 24. dxe6 Qxf2+ 25. Kh1 fxe6 26. h3 Rxa2 27.
Rxe6 Qf4 28. Qxf4 Rxf4 29. Rd7 Rff2 30. Rg6 Rf7 31. Rd4 Rc7 32. Rgg4 Rc2 33.
Rxc4 Rxc3 34. Rxc3 Rxc3 35. Ra4 Rc7 36. Kh2 Kf7 37. Ra6 Ke7 38. Kg3 Kd8 39. Kf4
Kc8 40. Ra2 Kb8 41. Ke5 Rc6 42. Kd5 Rb6 43. Kc5 Kb7 44. Re2 Rc6+ 45. Kb4 Kb6 46.
Re5 a6 47. g4 Rf6 48. Re4 g5 49. Re3 a5+ 50. Kb3 Kc5 51. Ka4 Kd4 52. Ra3 Ke4 53.
Kb5 Rf3 54. Ra4+ Ke5 55. Rxa5 Rxh3 56. Ra4 Rd3 57. Ra6 Kf4 58. Rxh6 Rc3 59. Kb4
Rc1 60. Kb3 Kxg4 0-1

[Event "FIDE Women's Grand Swiss"]
[Site "Samarkand UZB"]
[Date "2025.09.12"]
[Round "8.4"]
[White "Tan, Zhongyi"]
[Black "Tsolakidou, Stavroula"]
[Result "1-0"]
[WhiteTitle "GM"]
[BlackTitle "IM"]
[WhiteElo "2531"]
[BlackElo "2445"]
[WhiteFideId "8603642"]
[BlackFideId "4264312"]
[EventDate "2025.09.04"]

1. d4 Nf6 2. c4 g6 3. Nc3 Bg7 4. e4 d6 5. Bd3 O-O 6. Nge2 Nc6 7. f3 e5 8. d5 Nd4
9. Bg5 c5 10. O-O h6 11. Bd2 Bd7 12. a4 h5 13. Nb5 Ne8 14. Nbxd4 exd4 15. Qc2 h4
16. g4 h3 17. Kh1 Qh4 18. Rg1 Be5 19. Raf1 g5 20. Qc1 f6 21. f4 gxf4 22. Nxf4
Kf7 23. g5 Rg8 24. Be1 Qh8 25. Be2 Ke7 26. gxf6+ Nxf6 27. Ng6+ Rxg6 28. Rxg6 Rf8
29. Qg5 Bxa4 30. Bg3 Bc2 31. Rg7+ Rf7 32. Rxf7+ Kxf7 33. Bh5+ Ke7 34. Bxe5 Bxe4+
35. Kg1 dxe5 36. Qxe5+ Kd7 37. Bg4+ 1-0

[Event "FIDE Women's Grand Swiss"]
[Site "Samarkand UZB"]
[Date "2025.09.12"]
[Round "8.5"]
[White "Dronavalli, Harika"]
[Black "Girya, Olga"]
[Result "1/2-1/2"]
[WhiteTitle "GM"]
[BlackTitle "GM"]
[WhiteElo "2467"]
[BlackElo "2386"]
[WhiteFideId "5015197"]
[BlackFideId "4195752"]
[EventDate "2025.09.04"]

1. d4 Nf6 2. c4 e6 3. Nc3 Bb4 4. Nf3 d5 5. Qa4+ Nc6 6. Qc2 dxc4 7. e3 b5 8. a4
bxa4 9. Bxc4 O-O 10. O-O Bb7 11. Qxa4 a5 12. Rd1 Ne7 13. Be2 c5 14. Bd2 cxd4 15.
Nxd4 Qb8 16. Qb5 Rd8 17. Be1 Qc7 18. Qc4 Qxc4 19. Bxc4 Nc6 20. Nc2 Be7 21. Be2
Nb4 22. Rxd8+ Rxd8 23. Nxb4 Bxb4 24. Kf1 Kf8 25. f3 Bc6 26. e4 Rb8 27. Rc1 Be8
28. Nd1 Bxe1 29. Kxe1 Ba4 30. Nc3 Be8 31. Nd1 Ba4 32. Nc3 Be8 33. Ra1 Rxb2 34.
Rxa5 Bc6 35. Nd1 Rb6 36. Ne3 Nd7 37. Nc4 Rb1+ 38. Kf2 Ke7 39. Ra7 f6 40. Na5 Kd6
41. Nc4+ Kc5 42. Ra2 Nb6 43. Nxb6 Rxb6 1/2-1/2

[Event "FIDE Women's Grand Swiss"]
[Site "Samarkand UZB"]
[Date "2025.09.12"]
[Round "8.6"]
[White "Wagner, Dinara"]
[Black "Muzychuk, Anna"]
[Result "1/2-1/2"]
[WhiteTitle "IM"]
[BlackTitle "GM"]
[WhiteElo "2400"]
[BlackElo "2535"]
[WhiteFideId "24157570"]
[BlackFideId "14111330"]
[EventDate "2025.09.04"]

1. d4 d5 2. c4 e6 3. Nf3 Nf6 4. g3 dxc4 5. Bg2 c5 6. O-O Nc6 7. dxc5 Qxd1 8.
Rxd1 Bxc5 9. Nbd2 c3 10. bxc3 O-O 11. c4 Rd8 12. Bb2 Be7 13. Nb3 Bd7 14. Nfd4
Rac8 15. Nb5 b6 16. Nd6 Rc7 17. Ba3 Ne5 18. Nb5 Bxb5 19. Rxd8+ Bxd8 20. cxb5 Nc4
21. Bb4 g6 22. Rc1 Nd5 23. Bxd5 exd5 24. Rd1 Be7 25. Bxe7 Rxe7 26. Kf1 Rd7 27.
Rd3 Kf8 28. e4 Ke7 29. exd5 Kd6 30. f4 Rc7 31. Ke1 f5 32. Nd2 Nb2 33. Rd4 Rc3
34. Ke2 Ra3 35. Nb1 Ra4 36. Rd2 Nc4 37. Rc2 Rb4 38. Kd3 Rxb5 39. Nc3 Nb2+ 40.
Ke2 Rb4 41. Ke3 Na4 42. Ne2 Nc5 43. Nd4 a6 44. Nf3 Re4+ 45. Kf2 Kxd5 46. Ne5 Ra4
47. Rd2+ Rd4 48. Rb2 b5 49. Ke3 g5 50. h3 gxf4+ 51. gxf4 Ne6 52. Nd3 Re4+ 53.
Kf3 Kd4 54. Nb4 Re3+ 55. Kf2 Rxh3 56. Rb1 Nc5 57. Kg2 Rc3 58. Rh1 Rc4 59. a3 Ke3
60. Rxh7 a5 61. Nd5+ Ke4 62. Nc7 b4 63. axb4 axb4 64. Re7+ Kd3 65. Kf3 b3 66.
Nb5 Rb4 67. Re3+ Kc4 68. Na3+ Kd4 69. Re5 b2 70. Ke2 Ne4 71. Kd1 Rb3 72. Kc2 Nd2
73. Kxd2 Rxa3 74. Kc2 Rb3 75. Kb1 1/2-1/2

[Event "FIDE Women's Grand Swiss"]
[Site "Samarkand UZB"]
[Date "2025.09.12"]
[Round "8.7"]
[White "Balajayeva, Khanim"]
[Black "Kosteniuk, Alexandra"]
[Result "1/2-1/2"]
[WhiteTitle "IM"]
[BlackTitle "GM"]
[WhiteElo "2331"]
[BlackElo "2472"]
[WhiteFideId "13406396"]
[BlackFideId "4128125"]
[EventDate "2025.09.04"]

1. e4 e6 2. d4 d5 3. Nc3 Bb4 4. e5 c5 5. a3 Bxc3+ 6. bxc3 Nc6 7. h4 Bd7 8. h5
Qc7 9. Rh3 O-O-O 10. Nf3 f6 11. Bf4 Qa5 12. Qd2 Be8 13. Rb1 fxe5 14. Nxe5 Nf6
15. Nxc6 Bxc6 16. f3 Rhf8 17. Bd3 c4 18. Be2 Qxa3 19. Qe3 Nd7 20. Kd2 h6 21. g3
Qe7 22. Rhh1 b6 23. Bf1 Kb7 24. Bh3 Rde8 25. Rhe1 Rf6 26. Bg4 Qf8 27. Rb2 Qe7
28. Ra1 Ra8 29. Re1 Re8 30. Ra1 Ra8 31. Re1 Re8 1/2-1/2